LEADER 02018oas 22008173a 450 001 9910145955503321 005 20251106213014.0 011 $a1943-6270 035 $a(DE-599)ZDB2322636-5 035 $a(DE-599)2322636-5 035 $a(OCoLC)60615807 035 $a(CONSER) 2008215374 035 $a(CKB)954925627364 035 $a(EXLCZ)99954925627364 100 $a20050614a19859999 sy a 101 0 $aeng 135 $aurun||||||||| 181 $ctxt$2rdacontent 182 $cc$2rdamedia 183 $acr$2rdacarrier 200 10$aJournal of the American Mosquito Control Association 210 $a[Mount Laurel, NJ] $cAmerican Mosquito Control Association 300 $aRefereed/Peer-reviewed 311 08$a8756-971X 517 1 $aMosquito news 531 0 $aJ. Am. Mosq. Control Assoc. 606 $aMosquitoes$xControl$vPeriodicals 606 $aMosquito Control 606 $aMosquitoes$xControl$2fast$3(OCoLC)fst01026776 608 $aPeriodical. 608 $aPeriodicals.$2fast 608 $aPeriodicals.$2lcgft 615 0$aMosquitoes$xControl 615 2$aMosquito Control. 615 7$aMosquitoes$xControl. 676 $a614 676 $a614.4/323 712 02$aAmerican Mosquito Control Association 801 0$bOCLCS 801 1$bOCLCS 801 2$bBIK 801 2$bOCLCS 801 2$bNSD 801 2$bDLC 801 2$bOCLCQ 801 2$bOCLCF 801 2$bOCLCO 801 2$bVT2 801 2$bOCLCQ 801 2$bU3W 801 2$bOCLCO 801 2$bAU@ 801 2$bOCLCO 801 2$bWYU 801 2$bOCLCO 801 2$bOCLCA 801 2$bCNTRU 801 2$bSFB 801 2$bOCLCQ 801 2$bHS0 801 2$bOCLCQ 801 2$bOCLCO 801 2$bQGK 801 2$bOCLCQ 801 2$bUAB 801 2$bOCLCL 801 2$bOCLCQ 906 $aJOURNAL 912 $a9910145955503321 996 $aJournal of the American Mosquito Control Association$92101859 997 $aUNINA